BC Wildfire Zones - Statistics

General Stats
  • This quiz has been taken 76 times
  • The average score is 20 of 32
Answers on the Map
Answers color-coded by a green-red scale on the quiz's map according to % correct below.
 
Answer Stats
Answer % Correct
Kamloops
100%
Dawson Creek
91%
Fort Nelson
91%
North Island
91%
South Island
91%
VanJam
91%
Mid Island
82%
Prince George
82%
Vernon
82%
100 Mile House
73%
Buckley
73%
Cranbrook
73%
Penticton
73%
Quesnel
73%
Skeena
73%
Arrow
64%
Cassiar
64%
Fraser
64%
Nadina
64%
Chilcotin
55%
Fort St John
55%
Kootaney
55%
Mackenzie
55%
Lillooet
45%
Robson Valley
45%
Sunshine
45%
Boundary
36%
Central Cariboo
36%
Merrit
36%
Pemberton
36%
Columbia
27%
Invermere
27%
No matching quizzes found
Score Distribution
Percent of People with Each Score
Percentile by Number Answered
Your Score History
You have not taken this quiz